• 首页
  • 本馆介绍
  • 公告通知
  • 最新文献
  • 馆藏检索
  • 电子资源
  • 读者导购
  • 参考咨询
  • 我的图书馆
  • 登录
  • 详细信息显示
  • 放入我的书架
  • 预约/预借图书
  • 作者相关作品
  • 分类相关作品
  • 丛书相关作品
  • 出版社相关作品

书目信息

  • 表格格式
  • 工作单格式
  • 卡片格式
题名:
江南扇艺
    
 
作者: 张科 , 何耀英 著
分册:  
出版信息: 杭州   浙江摄影出版社  2003
页数: 196页
开本: 21cm
丛书名:
单 册:
中图分类: J529
科图分类:
主题词: 扇子--文化--中国 , 工艺美术--中国
电子资源:
ISBN: 7-80686-159-9
000 00845nam0 2200265 45
001 0900000036280
005 20060105153534.62
010    @a7-80686-159-9@dCNY26.00
092    @aCN
100    @a20050705d2003 ekmy0chiy0120 ea
101 0  @achi
102    @aCN@b330000
105    @aa z 000yy
200 1  @a江南扇艺@9jiang nan shan yi@f张科,何耀英著@Fzhang ke,he yao ying zhu
210    @a杭州@c浙江摄影出版社@d2003
215    @a196页@c图,照片@d21cm
330    @a本书展示了扇子与文艺创作、书画、戏曲、舞蹈、雕刻等各艺术门类的关系,并阐释了历史名家、文人雅士和扇子艺术的许多历史故事、轶闻和逸事。
606 0  @a扇子@x文化@y中国
606 0  @a工艺美术@y中国
690    @aJ529@v4
701  0 @a张科@Azhang ke@4著
701  0 @a何耀英@Ahe yao ying@4著
801  0 @aCN@bCXYBOOK@c20060105
905    @a10447@dJ529@e139
999    @aAFJ@eJDD
    
    江南扇艺/张科,何耀英著.-杭州:浙江摄影出版社,2003
    196页:图,照片;21cm
    
    
    ISBN 7-80686-159-9:CNY26.00
    本书展示了扇子与文艺创作、书画、戏曲、舞蹈、雕刻等各艺术门类的关系,并阐释了历史名家、文人雅士和扇子艺术的许多历史故事、轶闻和逸事。
●
相关链接 在E读中查询图书 在五车中查询图书 在当当中查询图书 在豆瓣中查询图书


正题名:江南扇艺     索取号:J529/139         预约/预借

序号 登录号 条形码 馆藏地/架位号 状态 备注
1 0373931   203739311   第一样本阅览室/ [索取号:J529/139] 在馆    
2 0373932   203739320   第一借阅区/ [索取号:J529/139] 在馆    
3 0373933   203739339   第一借阅区/ [索取号:J529/139] 在馆    
4 0373934   203739348   第一借阅区/ [索取号:J529/139] 在馆    
唐山师范学院图书馆 欢迎您!
大连网信软件有限公司© 版权所有